[Event "Philadelphia International"]
[Site "Philadelphia"]
[Date "2012.07.03"]
[Round "9.4"]
[White "Bosiocici, Marin"]
[Black "Jankovic, Alojzije"]
[Result "1/2-1/2"]
[WhiteElo "2555"]
[BlackElo "2564"]
[PlyCount "30"]
[EventDate "2012.07.??"]
[EventType "swiss"]
[EventRounds "9"]
[EventCountry "USA"]
[Source "MonRoi"]
[TimeControl "6000+105"]
[WhiteClock "1:32:29"]
[BlackClock "1:30:37"]

1. d4 d5 2. c4 c6 3. cxd5 cxd5 4. Nc3 Nf6 5. Bf4 Nc6 6. e3 a6 7. Bd3 e6 8. Rc1
Be7 9. h3 O-O 10. Nf3 Bd7 11. O-O b5 12. Ne5 Rc8 13. a4 b4 14. Nxd7 Qxd7 15.
Nb1 Na5 1/2-1/2

[Event "Philadelphia International"]
[Site "Philadelphia"]
[Date "2012.07.03"]
[Round "9.5"]
[White "Evdokimov, Alexander"]
[Black "Sachdev, Tania"]
[Result "1-0"]
[WhiteElo "2544"]
[BlackElo "2417"]
[PlyCount "117"]
[EventDate "2012.07.??"]
[EventType "swiss"]
[EventRounds "9"]
[EventCountry "USA"]
[Source "MonRoi"]

1. Nf3 c5 2. g3 Nc6 3. c4 g6 4. Bg2 Bg7 5. O-O e5 6. Nc3 Nge7 7. a3 a5 8. Ne1
O-O 9. Nc2 d6 10. d3 Be6 11. Ne3 Rb8 12. Ned5 Bd7 13. Bg5 f6 14. Bd2 Nxd5 15.
cxd5 Nd4 16. e3 Nf5 17. b4 axb4 18. axb4 b6 19. Qb3 Nh6 20. Ra7 Rf7 21. Rb1 Ra8
22. Rxa8 Qxa8 23. b5 Bf5 24. Na4 Qb8 25. Nb2 Ra7 26. Nc4 Nf7 27. e4 Bd7 28. f4
Bf8 29. Bc3 Bh6 30. Qb2 Bf8 31. Rf1 Qe8 32. Rb1 Qb8 33. Bf3 Be7 34. Qe2 Qe8 35.
Qb2 Bd8 36. Ne3 Be7 37. Bg4 Bxg4 38. Nxg4 Qa8 39. Ne3 Ra2 40. Ra1 Rxa1+ 41.
Qxa1 Qxa1+ 42. Bxa1 Kf8 43. Kg2 Bd8 44. Bc3 h5 45. h4 Kg7 46. Kf3 Bc7 47. g4
exf4 48. Kxf4 Ne5 49. gxh5 Nxd3+ 50. Kg4 gxh5+ 51. Kf5 Kf7 52. Bxf6 Ke8 53. Nc4
Kd7 54. Kg6 Nf2 55. Nd2 c4 56. Bd4 Nh3 57. Nxc4 Nf4+ 58. Kg5 Ne2 59. Bxb6 1-0

[Event "Philadelphia International"]
[Site "Philadelphia"]
[Date "2012.07.03"]
[Round "9.7"]
[White "Chakkravarthy, Deepan"]
[Black "Rout, Padmini"]
[Result "1/2-1/2"]
[WhiteElo "2461"]
[BlackElo "2345"]
[PlyCount "231"]
[EventDate "2012.07.??"]
[EventType "swiss"]
[EventRounds "9"]
[EventCountry "USA"]
[Source "MonRoi"]

1. Nf3 Nf6 2. b3 g6 3. Bb2 d5 4. c4 c6 5. e3 Bg7 6. Be2 O-O 7. Ne5 Nfd7 8. d4
dxc4 9. Nxc4 c5 10. d5 b5 11. Bxg7 Kxg7 12. Ncd2 Nf6 13. Bxb5 Qxd5 14. Nf3 Qh5
15. Nbd2 Bb7 16. Qc2 Nc6 17. Bxc6 Bxc6 18. O-O Rfd8 19. h3 Rac8 20. e4 Kg8 21.
Rfe1 Nd7 22. Rac1 Bb5 23. a4 Ba6 24. Qc3 c4 25. Nxc4 Bxc4 26. bxc4 Nb6 27. Qe3
Qc5 28. Qh6 Qh5 29. Qf4 Nxa4 30. e5 Nc5 31. Ng5 Rf8 32. Rc3 f6 33. exf6 Rxf6
34. Qc1 Rf5 35. Ne4 Re5 36. Rce3 Nxe4 37. Rxe4 Rxe4 38. Rxe4 Qc5 39. Qe1 Rf8
40. Re5 Qxc4 41. Rxe7 Rf7 42. Re8+ Rf8 43. Re7 Rf7 44. Re4 Qd5 45. Re8+ Rf8 46.
Re7 Rf7 47. Re4 Rf8 48. h4 Rf7 49. Re5 Qd4 50. Re8+ Rf8 51. Re4 Qd5 52. g3 Rf7
53. Qb1 Rb7 54. Re8+ Kf7 55. Qe1 Rb1 56. Qxb1 Kxe8 57. Qb8+ Kf7 58. Qxa7+ Kg8
59. Qe3 Kg7 60. Qe7+ Kg8 61. Qg5 Qd1+ 62. Kg2 Qe2 63. Qd5+ Kg7 64. Qf3 Qe5 65.
Qb7+ Kg8 66. Qb3+ Kg7 67. Qe3 Qd5+ 68. Qf3 Qe5 69. g4 Kg8 70. Qb3+ Kg7 71. Qe3
Qd5+ 72. Kg3 Qd6+ 73. Qf4 Qd3+ 74. f3 Qc3 75. Qe4 Qc7+ 76. Kh3 Qc5 77. Kg2 Qd6
78. Qb7+ Kg8 79. Qa8+ Kg7 80. Qa5 Qd4 81. h5 gxh5 82. Qg5+ Kf8 83. Qxh5 Qd2+
84. Kh3 Kg7 85. Qe5+ Kg8 86. Kh4 Qf2+ 87. Qg3 Qb6 88. Qf4 Qc6 89. Qg5+ Kf7 90.
Qf5+ Kg8 91. Kg5 Qc1+ 92. f4 Qc6 93. Qf6 Qd5+ 94. Qe5 Qd8+ 95. Kh5 Qd3 96. Qe8+
Kg7 97. Qe7+ Kg8 98. f5 Qh3+ 99. Qh4 Qd3 100. Qg5+ Kh8 101. Qf6+ Kg8 102. Qe6+
Kf8 103. Kh6 Qh3+ 104. Kg5 Qd3 105. Qc8+ Kf7 106. Qc7+ Kg8 107. Qc8+ Kf7 108.
Qe6+ Kf8 109. Qe5 Kf7 110. Qh2 Qe3+ 111. Kh5 Kg7 112. Qc7+ Kg8 113. Qd8+ Kf7
114. Qd5+ Kf8 115. Qe6 Qh3+ 116. Kg5 1/2-1/2

[Event "Philadelphia International"]
[Site "Philadelphia"]
[Date "2012.07.03"]
[Round "9.9"]
[White "Nikhil, Shyam"]
[Black "Mohota, Nisha"]
[Result "1/2-1/2"]
[WhiteElo "2502"]
[BlackElo "2321"]
[PlyCount "70"]
[EventDate "2012.07.??"]
[EventType "swiss"]
[EventRounds "9"]
[EventCountry "USA"]
[Source "MonRoi"]

1. e4 c6 2. d4 d5 3. Nc3 dxe4 4. Nxe4 Nf6 5. Nxf6+ gxf6 6. c3 Bf5 7. Ne2 e6 8.
Ng3 Bg6 9. h4 h5 10. Be2 Qa5 11. b4 Qd5 12. O-O Nd7 13. c4 Qd6 14. c5 Qc7 15.
Bxh5 Bxh5 16. Nxh5 Bh6 17. Qf3 Bxc1 18. Rfxc1 Ke7 19. g3 Rag8 20. Re1 Kf8 21.
Kf1 f5 22. Nf4 Rg4 23. Nxe6+ fxe6 24. Rxe6 Rg7 25. Rae1 Rf7 26. Qe3 f4 27. Qe4
a6 28. Kg2 Rhh7 29. Re8+ Kg7 30. Re7 Kg8 31. Rxf7 Rxf7 32. Qg6+ Kf8 33. Qh6+
Kg8 34. Qg6+ Kf8 35. Qh6+ Kg8 1/2-1/2

[Event "Philadelphia International"]
[Site "Philadelphia"]
[Date "2012.07.03"]
[Round "9.11"]
[White "Sarkar, Justin"]
[Black "Wang, Kevin"]
[Result "1-0"]
[WhiteElo "2411"]
[BlackElo "2171"]
[PlyCount "95"]
[EventDate "2012.07.??"]
[EventType "swiss"]
[EventRounds "9"]
[EventCountry "USA"]
[Source "MonRoi"]

1. d4 d5 2. c4 e6 3. Nf3 Nf6 4. Nc3 c6 5. Bg5 dxc4 6. e4 b5 7. e5 h6 8. Bh4 g5
9. Nxg5 hxg5 10. Bxg5 Nbd7 11. g3 Bb7 12. Bg2 Qb6 13. exf6 O-O-O 14. O-O c5 15.
d5 b4 16. Na4 Qb5 17. a3 Nb8 18. axb4 cxb4 19. Qg4 Bxd5 20. Rfc1 Nc6 21. Bxd5
Rxd5 22. Rxc4 Rxg5 23. Qd4 Kb8 24. Rxc6 Rxg3+ 25. fxg3 Qxc6 26. Rd1 Qc7 27. b3
Kc8 28. Qd3 Bc5+ 29. Kf1 Qc6 30. Nxc5 Qxc5 31. h4 Qc6 32. Kg1 Qc5+ 33. Kg2 Kb8
34. Kh3 Qe5 35. Qf3 Qc7 36. g4 Rc8 37. Qg3 e5 38. Rd5 Re8 39. Rb5+ Ka8 40. Rxb4
Qc6 41. g5 e4 42. Rc4 Qd5 43. h5 Qf5+ 44. Kh4 Qf1 45. Qe3 Qh1+ 46. Kg3 Kb8 47.
Rb4+ Ka8 48. Ra4 1-0

[Event "Philadelphia International"]
[Site "Philadelphia"]
[Date "2012.07.03"]
[Round "9.12"]
[White "Karavade, Eesha"]
[Black "Wheeler, Cameron"]
[Result "1-0"]
[WhiteElo "2353"]
[BlackElo "2066"]
[PlyCount "111"]
[EventDate "2012.07.??"]
[EventType "swiss"]
[EventRounds "9"]
[EventCountry "USA"]
[Source "MonRoi"]

1. Nf3 Nf6 2. c4 c6 3. g3 d5 4. Bg2 Bf5 5. cxd5 cxd5 6. Qb3 Qb6 7. Nc3 Qxb3 8.
axb3 Nc6 9. d3 e6 10. O-O Be7 11. Be3 O-O 12. Nd4 Nxd4 13. Bxd4 a6 14. e4 Bg6
15. f4 dxe4 16. dxe4 Rad8 17. Bb6 Rd2 18. Rf2 Rxf2 19. Kxf2 Bb4 20. Ra4 Bxc3
21. bxc3 Rc8 22. Rd4 h5 23. c4 e5 24. fxe5 Ng4+ 25. Kf3 Nxe5+ 26. Kf4 f6 27.
Bh3 Re8 28. Bf5 Bh7 29. Rd8 Rxd8 30. Bxd8 Bxf5 31. exf5 Ng4 32. h4 Kf7 33. Bb6
Nh6 34. Ke4 Ng8 35. Bc5 Nh6 36. Bd6 Ng8 37. b4 Nh6 38. Bf4 Ng8 39. Kd5 Ne7+ 40.
Kd6 Nxf5+ 41. Kc7 b5 42. c5 Ke6 43. Kb7 g5 44. hxg5 fxg5 45. Bxg5 Nxg3 46. c6
Nf5 47. Kxa6 Ke5 48. Kxb5 h4 49. Bxh4 Nxh4 50. c7 Nf5 51. Kc6 Ne7+ 52. Kd7 Nd5
53. b5 Kd4 54. Kd6 Nb6 55. Kc6 Nd5 56. b6 1-0

[Event "Philadelphia International"]
[Site "Philadelphia"]
[Date "2012.07.03"]
[Round "9.14"]
[White "Ulrich, Thomas"]
[Black "Ostrovskiy, Aleksandr"]
[Result "0-1"]
[WhiteElo "2086"]
[BlackElo "2322"]
[PlyCount "76"]
[EventDate "2012.07.??"]
[EventType "swiss"]
[EventRounds "9"]
[EventCountry "USA"]
[Source "MonRoi"]

1. d4 d5 2. c4 c6 3. Nf3 Nf6 4. e3 Bg4 5. h3 Bh5 6. Qb3 Qb6 7. Nc3 e6 8. Ne5
Nfd7 9. Nd3 Be7 10. Nf4 Bg6 11. Nxg6 hxg6 12. Bd3 O-O 13. O-O Rd8 14. Rd1 Nf6
15. Qc2 Nbd7 16. Bd2 Rac8 17. c5 Qc7 18. f4 Ne8 19. Rf1 f5 20. Kh1 Ndf6 21. Rg1
Ne4 22. Nxe4 dxe4 23. Bc4 Kf7 24. Qb3 Qd7 25. Ba5 b6 26. cxb6 axb6 27. Bxb6 Rb8
28. a4 Rdc8 29. a5 Nf6 30. Qa4 g5 31. fxg5 Ng4 32. Rge1 Rh8 33. Kg1 Qd6 34.
hxg4 Qg3 35. Bxe6+ Kg6 36. Bxf5+ Kxg5 37. Qxc6 Bd6 38. Qd7 Rh1+ 0-1

[Event "Philadelphia International"]
[Site "Philadelphia"]
[Date "2012.07.03"]
[Round "9.15"]
[White "Getz, Alec"]
[Black "Gokhale, Chandrashekar"]
[Result "1-0"]
[WhiteElo "2321"]
[BlackElo "2218"]
[PlyCount "57"]
[EventDate "2012.07.??"]
[EventType "swiss"]
[EventRounds "9"]
[EventCountry "USA"]
[Source "MonRoi"]

1. e4 d6 2. d4 e5 3. Nf3 Nd7 4. Bc4 c6 5. O-O Be7 6. dxe5 dxe5 7. Ng5 Bxg5 8.
Qh5 Qe7 9. Qxg5 Qxg5 10. Bxg5 Nc5 11. Nd2 Be6 12. Be3 Nd7 13. Bxe6 fxe6 14. Nc4
Ke7 15. a4 Ngf6 16. f3 b6 17. Bd2 b5 18. axb5 cxb5 19. Bb4+ Kf7 20. Nd6+ Kg6
21. Nxb5 Rab8 22. c4 Rhc8 23. b3 Nc5 24. Bxc5 Rxc5 25. Rfd1 Rb7 26. Ra6 Ne8 27.
Rxe6+ Kf7 28. Ra6 Ke7 29. Rda1 1-0

[Event "Philadelphia International"]
[Site "Philadelphia"]
[Date "2012.07.03"]
[Round "9.17"]
[White "Vazquez, Raul"]
[Black "Ebrahim-Shirazi, Behrooz"]
[Result "1/2-1/2"]
[WhiteElo "2287"]
[BlackElo "2070"]
[PlyCount "37"]
[EventDate "2012.07.??"]
[EventType "swiss"]
[EventRounds "9"]
[EventCountry "USA"]
[Source "MonRoi"]

1. e4 e6 2. d4 d5 3. Nc3 Bb4 4. e5 Qd7 5. a3 Bxc3+ 6. bxc3 b6 7. Qg4 f5 8. Qg3
Ba6 9. Bxa6 Nxa6 10. Ne2 Kf7 11. a4 Nb8 12. Nf4 Ne7 13. h4 Nbc6 14. h5 h6 15.
Ba3 Rhe8 16. O-O Na5 17. Qd3 Nc4 18. f3 Kg8 19. g3 1/2-1/2

[Event "Philadelphia International"]
[Site "Philadelphia"]
[Date "2012.07.03"]
[Round "9.19"]
[White "Chiang, Michael"]
[Black "Jayakumar, Adarsh"]
[Result "1-0"]
[WhiteElo "2152"]
[BlackElo "2267"]
[PlyCount "79"]
[EventDate "2012.07.??"]
[EventType "swiss"]
[EventRounds "9"]
[EventCountry "USA"]
[Source "MonRoi"]

1. e4 c5 2. Nf3 d6 3. d4 cxd4 4. Nxd4 Nf6 5. Nc3 a6 6. Be2 e6 7. O-O Qc7 8. a4
Nc6 9. Kh1 Be7 10. f4 O-O 11. Be3 Re8 12. Bf3 Na5 13. Qe1 Nc4 14. Bc1 e5 15.
Nde2 Qc5 16. f5 d5 17. Ng3 d4 18. Nd1 Bd7 19. b3 Nd6 20. c4 Qc7 21. Bg5 b5 22.
Bxf6 Bxf6 23. Nh5 Kf8 24. Nxf6 gxf6 25. Qh4 Ke7 26. Nf2 Nb7 27. axb5 axb5 28.
Be2 Nc5 29. b4 d3 30. Bxd3 Nxd3 31. Nxd3 Qxc4 32. Rad1 Qc7 33. Rc1 Qd6 34. Rfd1
Ra2 35. Nf4 Rd2 36. Nd5+ Rxd5 37. Rxd5 Qb8 38. Rcc5 Qa7 39. Rxe5+ Be6 40. Rxe6+
1-0

[Event "Philadelphia International"]
[Site "Philadelphia"]
[Date "2012.07.03"]
[Round "9.20"]
[White "Aaron, Deepak"]
[Black "Pratyusha, Bodda"]
[Result "1-0"]
[WhiteElo "2263"]
[BlackElo "2123"]
[PlyCount "117"]
[EventDate "2012.07.??"]
[EventType "swiss"]
[EventRounds "9"]
[EventCountry "USA"]
[Source "MonRoi"]

1. e4 e5 2. Nf3 Nc6 3. d4 exd4 4. Nxd4 Nf6 5. Nxc6 bxc6 6. e5 Qe7 7. Qe2 Nd5 8.
Nd2 g6 9. c4 Ba6 10. Nf3 Qb4+ 11. Kd1 Nb6 12. b3 Bg7 13. Qd2 Qxd2+ 14. Kxd2 d5
15. cxd5 Bxf1 16. Rxf1 cxd5 17. Bb2 c5 18. Ng5 h6 19. Nh3 O-O 20. f4 a5 21. f5
gxf5 22. Rxf5 Rfe8 23. Raf1 Ra7 24. Nf4 d4 25. Ba3 Rc7 26. Nh5 Nd5 27. Nf6+
Bxf6 28. exf6 Ne3 29. Re1 Rec8 30. Rf4 Kh7 31. Re2 a4 32. Kd3 axb3 33. axb3 Kg6
34. b4 Nd5 35. Rg4+ Kf5 36. Rge4 cxb4 37. Re5+ Kg6 38. Rxd5 bxa3 39. Ra2 Ra7
40. Rxd4 Kxf6 41. Kd2 Ke5 42. Rd3 Rca8 43. Re3+ Kd4 44. Rd3+ Ke5 45. Re3+ Kf6
46. Rf3+ Ke7 47. Re3+ Kd8 48. Kd1 Rd7+ 49. Kc2 Rda7 50. Kd1 h5 51. Rc3 Ra5 52.
Ke2 R8a6 53. Kf2 Ke7 54. g3 Kf6 55. Re3 Kg5 56. Kg2 f5 57. h4+ Kg4 58. Rf3 Ra4
59. Raf2 1-0

[Event "Philadelphia International"]
[Site "Philadelphia"]
[Date "2012.07.03"]
[Round "9.21"]
[White "Coraretti, Benjamin"]
[Black "Kelley, Dereque"]
[Result "1-0"]
[WhiteElo "2066"]
[BlackElo "2242"]
[PlyCount "21"]
[EventDate "2012.07.??"]
[EventType "swiss"]
[EventRounds "9"]
[EventCountry "USA"]
[Source "MonRoi"]

1. b3 Nf6 2. Bb2 d5 3. Nf3 c5 4. e3 Bg4 5. h3 Bh5 6. Bb5+ Nbd7 7. g4 Nxg4 8.
hxg4 Bxg4 9. Be2 Qc7 10. d4 e6 11. Nbd2 1-0

[Event "Philadelphia International"]
[Site "Philadelphia"]
[Date "2012.07.03"]
[Round "9.22"]
[White "Patil, Anuprita"]
[Black "Garcia, Gildardo"]
[Result "1/2-1/2"]
[WhiteElo "2101"]
[BlackElo "2414"]
[PlyCount "83"]
[EventDate "2012.07.??"]
[EventType "swiss"]
[EventRounds "9"]
[EventCountry "USA"]
[Source "MonRoi"]

1. d4 Nf6 2. Nf3 g6 3. g3 Bg7 4. Bg2 c5 5. c4 cxd4 6. Nxd4 Nc6 7. Nc2 d6 8. Nc3
O-O 9. O-O Bd7 10. b3 a6 11. Bb2 Rb8 12. Rc1 b5 13. Nd5 Ne8 14. Bxg7 Nxg7 15.
Nce3 bxc4 16. Rxc4 Ne5 17. Rc2 Nf5 18. Nxf5 Bxf5 19. e4 Bg4 20. f3 Be6 21. f4
Bxd5 22. exd5 Nd7 23. Qd4 a5 24. Rc6 Nc5 25. Re1 Rb4 26. Qe3 Re8 27. f5 Nd7 28.
Rxd6 exd6 29. Qxe8+ Qxe8 30. Rxe8+ Kg7 31. fxg6 hxg6 32. Rd8 Nc5 33. Rxd6 a4
34. Rc6 axb3 35. axb3 Nxb3 36. Rc2 Nd4 37. Ra2 Kf6 38. Rf2+ Nf5 39. h3 Ke5 40.
g4 Nd6 41. Kh2 g5 42. Re2+ 1/2-1/2

[Event "Philadelphia International"]
[Site "Philadelphia"]
[Date "2012.07.03"]
[Round "9.24"]
[White "Chan, James"]
[Black "Helfst, Matt"]
[Result "1/2-1/2"]
[WhiteElo "2021"]
[BlackElo "1930"]
[PlyCount "35"]
[EventDate "2012.07.??"]
[EventType "swiss"]
[EventRounds "9"]
[EventCountry "USA"]
[Source "MonRoi"]

1. e4 e6 2. d4 d5 3. e5 c5 4. c3 Nc6 5. Nf3 Qb6 6. a3 c4 7. Be2 Bd7 8. O-O Nge7
9. Nbd2 Na5 10. Ng5 h6 11. Nh3 O-O-O 12. Rb1 Qc7 13. Nf4 Kb8 14. g3 Nc8 15. Ng2
g5 16. Ne3 Be7 17. Kh1 f5 18. f4 1/2-1/2

[Event "Philadelphia International"]
[Site "Philadelphia"]
[Date "2012.07.03"]
[Round "9.25"]
[White "Acosta, Mariano"]
[Black "Prieto, Ernesto"]
[Result "0-1"]
[WhiteElo "2086"]
[BlackElo "2100"]
[PlyCount "101"]
[EventDate "2012.07.??"]
[EventType "swiss"]
[EventRounds "9"]
[EventCountry "USA"]
[Source "MonRoi"]

1. d4 Nf6 2. Nf3 g6 3. Nc3 d5 4. Bf4 Bg7 5. e3 O-O 6. Be2 c6 7. Ne5 Nfd7 8. h4
Nxe5 9. dxe5 Nd7 10. e6 fxe6 11. h5 d4 12. hxg6 hxg6 13. Ne4 Nb6 14. Bd3 e5 15.
Ng5 dxe3 16. Bxe3 Bf5 17. Bxb6 Qxb6 18. Bc4+ e6 19. Nxe6 Qb4+ 20. c3 Qxc4 21.
Nxf8 Rxf8 22. Qb3 Be6 23. Qxc4 Bxc4 24. a3 e4 25. Rd1 Bd3 26. Rh3 Rf5 27. f3
Rd5 28. fxe4 Bxe4 29. Rxd5 Bxd5 30. Kf2 Bf6 31. Rd3 g5 32. g3 b5 33. Rd1 a5 34.
Ke3 a4 35. Rf1 Kf7 36. Rf5 Kg6 37. g4 Be6 38. Rc5 Bd7 39. Kd3 Kf7 40. c4 Bxb2
41. cxb5 cxb5 42. Rxg5 Bxa3 43. Rh5 Be7 44. Rd5 Bc6 45. Rh5 a3 46. Kc2 b4 47.
Kb3 Bd7 48. Rh7+ Ke8 49. Rh8+ Bf8 50. g5 Be6+ 51. Ka4 0-1

[Event "Philadelphia International"]
[Site "Philadelphia"]
[Date "2012.07.03"]
[Round "9.26"]
[White "Nieto, Manuel V"]
[Black "Lopez, Jorge"]
[Result "0-1"]
[WhiteElo "1965"]
[BlackElo "2090"]
[PlyCount "114"]
[EventDate "2012.07.??"]
[EventType "swiss"]
[EventRounds "9"]
[EventCountry "USA"]
[Source "MonRoi"]

1. Nf3 Nf6 2. g3 e6 3. Bg2 d5 4. c4 Be7 5. O-O O-O 6. d3 c5 7. Bg5 h6 8. Bxf6
Bxf6 9. Nc3 Nc6 10. Qc2 Re8 11. Rfd1 a6 12. Na4 b6 13. e4 d4 14. a3 Rb8 15.
Rab1 a5 16. b3 e5 17. Rf1 g5 18. Qe2 g4 19. Nd2 Bg5 20. Nb2 h5 21. Nd1 Qd6 22.
Rb2 Kg7 23. f3 Qh6 24. Ra2 Be6 25. Rb2 Ne7 26. Ra2 Rh8 27. Rb2 Ng8 28. Ra2 Nf6
29. Rb2 h4 30. Kf2 hxg3+ 31. hxg3 Bf4 32. Rh1 Bxg3+ 33. Kxg3 Qf4+ 34. Kf2 Rxh1
35. Bxh1 g3+ 36. Ke1 Rh8 37. Bg2 Rh2 38. Nf1 Rh6 39. Ra2 Nh7 40. Nb2 Ng5 41.
Na4 Bh3 42. Kd1 Nxf3 43. Nxg3 Qxg3 44. Bxf3 Bg4 45. Bxg4 Rh1+ 46. Kc2 Rh2 47.
Ra1 Rxe2+ 48. Bxe2 Qf2 49. Kd2 Qe3+ 50. Ke1 f5 51. exf5 e4 52. Nb2 Qg1+ 53. Bf1
e3 54. Nd1 Qg3+ 55. Ke2 Kf6 56. b4 Kxf5 57. bxc5 Kf4 0-1